[Event "Fancy Lake Veranda"]
[Site "Fancy Lake"]
[Date "2013.08.03"]
[Round "3"]
[White "Naugler, Rex"]
[Black "Kenney, David"]
[Result "1-0"]
[WhiteElo "1776"]
[BlackElo "1895"]
[PlyCount "69"]
[EventDate "2013.08.03"]
[EventType "tourn"]
[EventRounds "5"]
[EventCountry "CAN"]
[SourceTitle "EXT 2022"]
[Source "ChessBase"]
[SourceDate "2021.10.06"]
[SourceVersion "1"]
[SourceVersionDate "2021.10.06"]
[SourceQuality "1"]

1. d4 Nf6 2. Bf4 g6 3. e3 Bg7 4. Nd2 d6 5. Bd3 Nbd7 6. c3 e5 7. Bg5 h6 8. Bh4 d5 9. f3 0-0 10. Ne2 c5 11. 0-0 b6 12. Bb5 g5 13. Bg3 Bb7 14. dxe5 Nh5 15. e6 fxe6 16. Bd6 Rf7 17. Bd3 Ne5 18. Bxe5 Bxe5 19. Bg6 Nf6 20. Bxf7+ Kxf7 21. f4 Bc7 22. fxg5 hxg5 23. Ng3 Kg6 24. Qc2+ Kg7 25. Rxf6 Kxf6 26. Qh7 Ke5 27. e4 Kd6 28. exd5 Bxd5 29. c4 Bb7 30. Rd1 Qc8 31. Nf3+ Bd5 32. cxd5 exd5 33. Nf5+ Ke6 34. Qg6+ Kd7 35. Rxd5+ 1-0

[Event "Fancy Lake Veranda"]
[Site "Fancy Lake"]
[Date "2012.08.04"]
[Round "3"]
[White "Kenney, David"]
[Black "Naugler, Rex"]
[Result "1-0"]
[WhiteElo "1942"]
[BlackElo "1781"]
[PlyCount "83"]
[EventDate "2012.08.04"]
[EventType "tourn"]
[EventRounds "5"]
[EventCountry "CAN"]
[SourceTitle "EXT 2022"]
[Source "ChessBase"]
[SourceDate "2021.10.06"]
[SourceVersion "1"]
[SourceVersionDate "2021.10.06"]
[SourceQuality "1"]

1. d4 d5 2. Nf3 e6 3. e3 f5 4. c4 c6 5. Nc3 Nf6 6. Be2 Bd6 7. 0-0 0-0 8. b3 Nbd7 9. Bb2 Ne4 10. Rc1 Ndf6 11. Bd3 Bd7 12. Ne2 Ng4 13. Qe1 Qc7 14. g3 Be8 15. Nf4 Qe7 16. h3 Ngf6 17. c5 Bc7 18. Kg2 g5 19. Ne2 Bh5 20. Ne5 Qd8 21. f3 g4 22. hxg4 Bxg4 23. fxg4 Bxe5 24. dxe5 Nxg4 25. Nf4 Qg5 26. Bxe4 fxe4 27. Bd4 Rae8 28. Rh1 Re7 29. Rh5 Qg7 30. Qh1 Rf5 31. Qh4 Nxe5 32. Rxf5 exf5 33. Nh5 Qf7 34. Qg5+ Kf8 35. Qh6+ Ke8 36. Bxe5 Rxe5 37. Nf4 Re7 38. Qd6 Rd7 39. Qe6+ Qxe6 40. Nxe6 Ke7 41. Nd4 Kf6 42. Rf1 1-0

[Event "Fancy Lake Veranda"]
[Site "Fancy Lake"]
[Date "2011.08.14"]
[Round "5"]
[White "Naugler, Rex"]
[Black "Wysocki, Antoni"]
[Result "0-1"]
[WhiteElo "1798"]
[BlackElo "2177"]
[PlyCount "85"]
[EventDate "2011.08.13"]
[EventType "tourn"]
[EventRounds "5"]
[EventCountry "CAN"]
[SourceTitle "EXT 2022"]
[Source "ChessBase"]
[SourceDate "2021.10.06"]
[SourceVersion "1"]
[SourceVersionDate "2021.10.06"]
[SourceQuality "1"]

1. d4 g6 2. Nf3 Bg7 3. e4 d6 4. Be2 Nf6 5. Nc3 0-0 6. Be3 c6 7. Qd2 b5 8. Bd3 Nbd7 9. Bh6 e5 10. Bxg7 Kxg7 11. h4 Re8 12. h5 Nxh5 13. d5 b4 14. Ne2 cxd5 15. g4 Nf4 16. Nxf4 exf4 17. Qxf4 Nf8 18. Qh6+ Kg8 19. Ng5 Qf6 20. Nxh7 Nxh7 21. Qxh7+ Kf8 22. Qh8+ Ke7 23. Qxf6+ Kxf6 24. 0-0-0 Bxg4 25. f3 Bd7 26. exd5 Rh8 27. Kd2 Rae8 28. Be4 Ke5 29. b3 Kf4 30. c4 bxc3+ 31. Kxc3 f5 32. Bd3 g5 33. Rxh8 Rxh8 34. Re1 Rh7 35. Rg1 Rh2 36. a4 Rf2 37. Re1 Rxf3 38. Re7 Bc8 39. Rf7 g4 40. Rf8 g3 41. Rxc8 g2 42. Rf8 g1Q 43. Rxf5+ 0-1

[Event "Fancy Lake Veranda"]
[Site "Fancy Lake"]
[Date "2011.08.13"]
[Round "2"]
[White "Charlton, Glenn"]
[Black "Naugler, Rex"]
[Result "1-0"]
[WhiteElo "2070"]
[BlackElo "1798"]
[PlyCount "41"]
[EventDate "2011.08.13"]
[EventType "tourn"]
[EventRounds "5"]
[EventCountry "CAN"]
[SourceTitle "EXT 2022"]
[Source "ChessBase"]
[SourceDate "2021.10.06"]
[SourceVersion "1"]
[SourceVersionDate "2021.10.06"]
[SourceQuality "1"]

1. e4 c6 2. d4 d5 3. exd5 cxd5 4. Bd3 Nf6 5. c3 Nc6 6. Bf4 e6 7. Nd2 Bd6 8. Bxd6 Qxd6 9. Ngf3 0-0 10. 0-0 Bd7 11. Qe2 Rfe8 12. Ne5 Re7 13. f4 Be8 14. Rf3 Nd7 15. Bxh7+ Kf8 16. Rh3 g6 17. Qf2 Ndxe5 18. fxe5 Qd8 19. Bxg6 Rc7 20. Rh8+ Ke7 21. Bxf7 1-0

[Event "Fancy Lake Veranda"]
[Site "Fancy Lake"]
[Date "2011.08.13"]
[Round "1"]
[White "Kenney, David"]
[Black "Naugler, Rex"]
[Result "1-0"]
[WhiteElo "1895"]
[BlackElo "1798"]
[PlyCount "135"]
[EventDate "2011.08.13"]
[EventType "tourn"]
[EventRounds "5"]
[EventCountry "CAN"]
[SourceTitle "EXT 2022"]
[Source "ChessBase"]
[SourceDate "2021.10.06"]
[SourceVersion "1"]
[SourceVersionDate "2021.10.06"]
[SourceQuality "1"]

1. d4 d5 2. Nf3 Nf6 3. e3 e6 4. Bd3 Nbd7 5. Nbd2 c5 6. c3 Be7 7. 0-0 b6 8. e4 dxe4 9. Nxe4 Bb7 10. Ng3 Qc7 11. Qe2 Nd5 12. Ne5 cxd4 13. Bb5 N5f6 14. cxd4 a6 15. Bd3 Nxe5 16. dxe5 Qc6 17. f3 Bc5+ 18. Kh1 Nd5 19. a3 b5 20. Bd2 Qb6 21. Ne4 0-0 22. Nxc5 Qxc5 23. Rac1 Qd4 24. Qe4 Qxe4 25. Bxe4 Rac8 26. b4 Rxc1 27. Rxc1 Rc8 28. Rxc8+ Bxc8 29. Kg1 Nb6 30. f4 Nc4 31. Bc1 f6 32. exf6 gxf6 33. Kf2 Nd6 34. Bc2 Bb7 35. g3 Bd5 36. Ke3 h5 37. Kf2 Kg7 38. Ke3 Nc4+ 39. Kd4 Bb7 40. a4 Bd5 41. axb5 a5 42. bxa5 Nxa5 43. b6 Bf3 44. Be3 h4 45. gxh4 e5+ 46. fxe5 Nc6+ 47. Kc5 Nxe5 48. Bf5 Bb7 49. h5 Nf7 50. Bf4 Ne5 51. Kd6 Nc4+ 52. Kc7 Bf3 53. b7 Bxb7 54. Kxb7 Ne5 55. Kc7 Nf7 56. Kd7 Nh6 57. Bd3 Ng8 58. Ke6 Nh6 59. Be2 Nf7 60. Bd3 Ng5+ 61. Kf5 Nf7 62. h4 Nh6+ 63. Ke6 Ng8 64. Bg6 Nh6 65. Bd2 Ng8 66. Bc3 Kh6 67. Kf7 f5 68. Kxg8 1-0

[Event "Fancy Lake Veranda"]
[Site "Fancy Lake"]
[Date "2010.08.01"]
[Round "5"]
[White "Wysocki, Antoni"]
[Black "Naugler, Rex"]
[Result "1-0"]
[WhiteElo "2177"]
[BlackElo "1842"]
[PlyCount "61"]
[EventDate "2010.07.31"]
[EventType "tourn"]
[EventRounds "5"]
[EventCountry "CAN"]
[SourceTitle "EXT 2022"]
[Source "ChessBase"]
[SourceDate "2021.10.06"]
[SourceVersion "1"]
[SourceVersionDate "2021.10.06"]
[SourceQuality "1"]

1. Nf3 Nc6 2. d4 d5 3. c4 Bg4 4. Nc3 e6 5. cxd5 Bxf3 6. gxf3 exd5 7. e4 Bb4 8. Be3 Nge7 9. Rg1 0-0 10. a3 Bxc3+ 11. bxc3 Qd6 12. Rg3 f5 13. e5 Qe6 14. f4 Na5 15. Qh5 g6 16. Qg5 Rf7 17. h4 Raf8 18. h5 Rg7 19. Rb1 b6 20. Bd3 Nc4 21. Ke2 Kf7 22. Rh1 Ke8 23. Bc1 Rfg8 24. Qf6 Kd7 25. Rhg1 Rf7 26. Qh4 Rfg7 27. a4 Nc6 28. Qf6 Rf7 29. Qxe6+ Kxe6 30. hxg6 hxg6 31. Rxg6+ 1-0